Národná identita ako faktor suverenity štátu – implikácie na príklade Taiwanu

Za posledných šesť dekád zažila taiwanská spoločnosť zásadnú evolúciu, ktorej výsledkom je formovanie novej generácie obyvateľov, odvádzajúcej svoju identitu (vo všetkých jej podobách) od existencie štátu, ktorý nie je medzinárodne uznaný. Kreovanie novej taiwanskej identity prešlo zložitým vývojom...

Descrizione completa

Salvato in:
Dettagli Bibliografici
Autore principale: Fertaľová, Mária
Natura: Capitolo di libro
Lingua:slovacco
Soggetti:
Tags: Aggiungi Tag
Nessun Tag, puoi essere il primo ad aggiungerne!!

MARC

LEADER 00000nla$a2200000$$$4500
001 0094353
005 20240502083239.5
041 0 |a slo 
044 |a CZ 
245 1 0 |a Národná identita ako faktor suverenity štátu – implikácie na príklade Taiwanu  |c Mária Fertaľová 
520 |a Za posledných šesť dekád zažila taiwanská spoločnosť zásadnú evolúciu, ktorej výsledkom je formovanie novej generácie obyvateľov, odvádzajúcej svoju identitu (vo všetkých jej podobách) od existencie štátu, ktorý nie je medzinárodne uznaný. Kreovanie novej taiwanskej identity prešlo zložitým vývojom – od tzv. čínskeho apartheidu, ktorý polarizoval národnostne heterogénnu spoločnosť, až po oficiálnu politiku vlády, ktorej cieľom bolo vybudovanie homogénnej taiwanskej spoločnosti. Ak je národná identita odvodená najmä od osobnej identifikácie sa so suverénnym štátom, potom by mala byť vôľa rastúcej väčšiny obyvateľov Taiwanu rešpektovaná, a to nie len domácimi politikmi, ale aj predstaviteľmi Číny a medzinárodným spoločenstvom. Autorka sa v článku zaoberá vplyvom a váhou národnej identity na kreovanie suverénneho štátu na príklade riešenia taiwanskej otázky. 
610 2 0 |a národ 
610 2 0 |a identita 
610 2 0 |a Taiwan 
100 1 |a Fertaľová, Mária